| 000 | 00833cam a22002412a 4500 | ||
|---|---|---|---|
| 001 | 35054 | ||
| 003 | BD-RjUL | ||
| 005 | 20211209052243.0 | ||
| 008 | 140520s1967 enkabf b 001 0 eng d | ||
| 035 |
_aOCLC ocm00461654 from D950822M _a(BD-RjUL)35148 |
||
| 040 |
_aDLC _cDLC _dUKM _dBD-RjUL _beng |
||
| 041 | _aeng | ||
| 082 |
_a954.00491411 _bGAA 1967 |
||
| 100 | 1 |
_aGaikwad, V. R. _d1933- _9104830 |
|
| 245 | 0 | 4 |
_aThe Anglo-Indians : _ba study in the problems and processes involved in emotional and cultural integration / _cV. R. Gaikwad |
| 260 |
_aLondon : _bAsia Publishing House, _c1967. |
||
| 300 |
_axvii, 300 p., [7] p. of plates : _bill. ; _c23 cm |
||
| 504 | _aIncludes index and Bibliography: p. 287-290 - | ||
| 650 | 0 |
_aAnglo-Indians _9106737 |
|
| 942 |
_2ddc _cBK |
||
| 999 |
_c35054 _d35054 |
||